Normal view
MARC view
- ELECTRICAL PROPERTIES.MATERIALS MOLECULAR STRUCTURE.ELECTRICAL BEHAVIOR
Entry Topical Term
001 - CONTROL NUMBER
- control field: 60873
003 - CONTROL NUMBER IDENTIFIER
- control field: NUST
005 - DATE AND TIME OF LATEST TRANSACTION
- control field: 20210628202637.0
008 - FIXED-LENGTH DATA ELEMENTS
- fixed length control field: 210628|| aca||aabn | a|a d
040 ## - CATALOGING SOURCE
- Original cataloging agency: NUST
- Transcribing agency: NUST
150 ## - HEADING--TOPICAL TERM
- Topical term or geographic name entry element: ELECTRICAL PROPERTIES.MATERIALS MOLECULAR STRUCTURE.ELECTRICAL BEHAVIOR
670 ## - SOURCE DATA FOUND
- Source citation: Work cat.: (NUST): Bartnikas.R Eichhorn,R.M 60872, Engineering dielectrics, electrical properties of solid insulting materials,molecular structure and electrical behavior, 1983
